| 000 | 00539nam a2200217 a 4500 | ||
|---|---|---|---|
| 999 |
_c12544 _d12544 |
||
| 001 | 12544 | ||
| 003 | BD-JhCC | ||
| 005 | 20220901102345.0 | ||
| 008 | 220901b20082015ii a|||| |||a 000 0 eng d | ||
| 020 | _a9780230634466 | ||
| 035 | _a(BD-JhCC)12544 | ||
| 040 |
_aBD-JhCC _dBD-JhCC |
||
| 041 | _aEnglish | ||
| 082 |
_a423 _bMAC 2015 |
||
| 245 | _aMacmillan Junior School Dictionary / | ||
| 260 |
_aIndia : _bMacmillan ; _c2015. |
||
| 300 |
_a299 p. : _bill; _c23 cm. |
||
| 650 | _aEnglish Language | ||
| 942 |
_2ddc _cBK |
||